000
00335nam a2200145Ia 4500
008
191201s1987 xx 000 0 und d
082
_a
530
100
_a
WOLKENSTEIN,VS
245
0
_a
Problems in General Physics
250
_a
4th Pringing
260
_a
Calcutta
_b
Mirpub
_c
1987
300
_a
376
650
_a
Applied
942
_2
ddc
_c
BK
999
_c
516
_d
516